Dịch văn học và văn học dịch

Tuyển tập các bài viết về vấn đề giao lưu văn hoá thông qua văn học dịch, một số kinh nghiệm, yêu cầu, thủ pháp, kỷ niệm của các dịch giả khi dịch các tác phẩm văn học nước ngoài và văn học cổ ra tiếng việt hiện đại

Bewaard in:
Bibliografische gegevens
Hoofdauteur: Thuý Toàn (Biên soạn)
Andere auteurs: Huy Cận (Tác giả), Trường Chinh (Tác giả), Tố Hữu (Tác giả), Đặng Thai Mai (Tác giả), Đỗ Mười (Tác giả), Nguyễn Thái Bình (Tác giả)
Formaat: Boek
Taal:Vietnamese
Gepubliceerd in: H. Văn học 1996
Onderwerpen:
Tags: Voeg label toe
Geen labels, Wees de eerste die dit record labelt!
Thư viện lưu trữ: Mạng thư viện Đại học Đà Nẵng
LEADER 01709nam a22004578a 4500
001 000014211
003 10570
005 20120423100453.0
008 120423s1996 b 000 0 od
020 |c 50000d  |d 700b 
041 0 |a 9607 
041 0 |a vie 
080 |a 8(V)2 
082 |a 808.8  |b Dic 
084 |a V5(1)7  |b D302V 
100 1 |a Thuý Toàn  |e Biên soạn 
245 1 0 |a Dịch văn học và văn học dịch  |c Huy Cận, Trường Chinh, Tố Hữu... ; Thuý Toàn b.s 
260 |a H.  |b Văn học  |c 1996 
300 |a 713tr  |c 19cm 
520 |a Tuyển tập các bài viết về vấn đề giao lưu văn hoá thông qua văn học dịch, một số kinh nghiệm, yêu cầu, thủ pháp, kỷ niệm của các dịch giả khi dịch các tác phẩm văn học nước ngoài và văn học cổ ra tiếng việt hiện đại 
653 |a văn học 
653 |a việt nam 
653 |a giao lưu văn hoá 
653 |a việt nam 
653 |a dịch thuật 
700 1 |a Huy Cận  |e Tác giả 
700 1 |a Trường Chinh  |e Tác giả 
700 1 |a Tố Hữu  |e Tác giả 
700 1 |a Đặng Thai Mai  |e Tác giả 
700 1 |a Đỗ Mười  |e Tác giả 
700 1 |a Nguyễn Thái Bình  |e Tác giả 
OWN |a LSP 
AVA |a UDN50  |b LSP  |d 808.8 Dic  |e available  |t Error 5001 Not defined in file expand_doc_bib_avail.  |f 1  |g 0  |h N  |i 0  |k 1 
999 |a From the UDN01 
AVA |a UDN50  |b LSP  |d 808.8 Dic  |e available  |t Error 5001 Not defined in file expand_doc_bib_avail.  |f 1  |g 0  |h N  |i 0  |k 1 
TYP |a Monograph 
TYP |a Printed language 
980 |a Mạng thư viện Đại học Đà Nẵng